LIBRARY & INFORMATION CENTRE, KCAET, TAVANUR

ONLINE PUBLIC ACCESS CATALOGUE (OPAC)

Finite element analysis in engineering design / (Record no. 2186)

MARC details
000 -LEADER
fixed length control field 00487cam a2200181ua 4500
020 ## - INTERNATIONAL STANDARD BOOK NUMBER
ISBN 81-85814-03-1
041 ## - LANGUAGE CODE
Language code of text/sound track or separate title eng
082 ## - DEWEY DECIMAL CLASSIFICATION NUMBER
Classification number 620.001 515 35
Item number RAJ/FI
100 ## - MAIN ENTRY--AUTHOR NAME
Personal name Rajasekaran, S .
245 ## - TITLE STATEMENT
Title Finite element analysis in engineering design /
250 ## - EDITION STATEMENT
Edition statement 1 /
260 ## - PUBLICATION, DISTRIBUTION, ETC. (IMPRINT)
Place of publication Allahabad :
Name of publisher Wheeler publishing ,
Year of publication 1994.
300 ## - PHYSICAL DESCRIPTION
Number of Pages 496 ; .
942 ## - ADDED ENTRY ELEMENTS (KOHA)
Koha item type Books
Holdings
Withdrawn status Lost status Damaged status Home library Current library Date acquired Full call number Accession Number Koha item type
      KAUAET KAUAET 07/04/2012 620.001 515 35 RAJ/FI 19225 Books
free website counter